[Event "NB II. Barcza csoport"]
[Site "Nyiregyhaza"]
[Date "2023.10.08"]
[Round "1.4"]
[White "Gocza, Adam"]
[Black "Ivan, Reka Gyongyver"]
[Result "1-0"]
[WhiteElo "1998"]
[BlackElo "1857"]
[PlyCount "57"]
[EventDate "2023.10.08"]
[EventType "team-tourn"]
[EventRounds "9"]
[EventCountry "HUN"]
[Source "chess.hu"]
[WhiteTeam "NYESE"]
[BlackTeam "M.Sportisk-KisBocsok"]
[WhiteTeamCountry "HUN"]
[BlackTeamCountry "HUN"]

1. e4 c6 2. d4 d5 3. exd5 cxd5 4. Bd3 Nc6 5. c3 Nf6 6. h3 g6 7. Nf3 Bg7 8. Qe2
O-O 9. O-O Qc7 10. Nbd2 Nh5 11. Qe3 Nf4 12. Bb1 Bh6 13. Kh1 Qd7 14. Ng1 g5 15.
Ndf3 f6 16. Ne2 Rf7 17. Ng3 f5 18. Qe1 Nxg2 19. Kxg2 f4 20. Ng1 fxg3 21. fxg3
Qe8 22. Bc2 Qf8 23. Bd2 Bf5 24. Bxf5 Rxf5 25. Qe6+ Rf7 26. Rxf7 Qxf7 27. Qxh6
Rf8 28. Qxg5+ Kh8 29. Qe3 1-0

[Event "NB II. Barcza csoport"]
[Site "Nyiregyhaza"]
[Date "2023.10.08"]
[Round "1.5"]
[White "Horvath, Peter"]
[Black "Pozsonyi, Istvan"]
[Result "1-0"]
[WhiteElo "1914"]
[BlackElo "1876"]
[PlyCount "66"]
[EventDate "2023.10.08"]
[EventType "team-tourn"]
[EventRounds "9"]
[EventCountry "HUN"]
[Source "chess.hu"]
[WhiteTeam "M.Sportisk-KisBocsok"]
[BlackTeam "NYESE"]
[WhiteTeamCountry "HUN"]
[BlackTeamCountry "HUN"]

1. Nf3 d5 2. d4 e6 3. c4 c6 4. Nc3 f5 5. Bf4 Nf6 6. e3 Bd6 7. Ne5 O-O 8. Be2
Qe7 9. Qb3 Nbd7 10. O-O Bxe5 11. Bxe5 Kh8 12. a4 Nxe5 13. dxe5 Ne4 14. Rad1 Qc7
15. f4 Bd7 16. Nxe4 fxe4 17. c5 g5 18. Qc3 gxf4 19. exf4 Kg8 20. b4 Rf7 21. Bg4
Raf8 22. g3 Qd8 23. Qe3 Rg7 24. Qe2 a5 25. b5 Qe7 26. Rc1 cxb5 27. axb5 Rc8 28.
c6 bxc6 29. f5 exf5 30. Bxf5 Bxf5 31. Rxf5 Qd7 32. Rf6 Rg6 33. bxc6 Rxc6 1-0

[Event "NB II. Barcza csoport"]
[Site "Nyiregyhaza"]
[Date "2023.10.08"]
[Round "1.6"]
[White "Orso, Janos"]
[Black "Szurovszky, Elek"]
[Result "1/2-1/2"]
[WhiteElo "1940"]
[BlackElo "1899"]
[PlyCount "90"]
[EventDate "2023.10.08"]
[EventType "team-tourn"]
[EventRounds "9"]
[EventCountry "HUN"]
[Source "chess.hu"]
[WhiteTeam "NYESE"]
[BlackTeam "M.Sportisk-KisBocsok"]
[WhiteTeamCountry "HUN"]
[BlackTeamCountry "HUN"]

1. d4 Nf6 2. c4 e5 3. dxe5 Ne4 4. Nf3 Bb4+ 5. Bd2 Nxd2 6. Nbxd2 Nc6 7. a3 Bxd2+
8. Qxd2 Qe7 9. Qc3 O-O 10. e3 Re8 11. Be2 Nxe5 12. Nxe5 Qxe5 13. Qxe5 Rxe5 14.
Bf3 d6 15. O-O Rb8 16. Rfd1 Be6 17. Rac1 Kf8 18. Rd4 a5 19. b4 Ke7 20. c5 dxc5
21. Rxc5 Rxc5 22. bxc5 b5 23. cxb6 c5 24. Ra4 Rxb6 25. Kf1 c4 26. Rxa5 Kd6 27.
Ke2 Rb2+ 28. Kd1 Rxf2 29. Kc1 g5 30. h3 h6 31. a4 c3 32. Rb5 Bc4 33. Rb8 Kc5
34. a5 Ra2 35. Be4 Rxa5 36. Kc2 Be6 37. Kxc3 Ra3+ 38. Kd2 Ra2+ 39. Ke1 f5 40.
Bf3 g4 41. hxg4 fxg4 42. Be4 g3 43. Rd8 Bg4 44. Rd5+ Kb4 45. Rd4+ Kc5 1/2-1/2

[Event "NB II. Barcza csoport"]
[Site "Nyiregyhaza"]
[Date "2023.10.08"]
[Round "1.7"]
[White "Ujpal, Balint"]
[Black "Bekesi, Janos"]
[Result "1/2-1/2"]
[WhiteElo "1784"]
[BlackElo "1901"]
[PlyCount "42"]
[EventDate "2023.10.08"]
[EventType "team-tourn"]
[EventRounds "9"]
[EventCountry "HUN"]
[Source "chess.hu"]
[WhiteTeam "M.Sportisk-KisBocsok"]
[BlackTeam "NYESE"]
[WhiteTeamCountry "HUN"]
[BlackTeamCountry "HUN"]

1. Nf3 d5 2. g3 Nf6 3. Bg2 Nbd7 4. d4 e6 5. O-O Bd6 6. c4 c6 7. b3 O-O 8. Bb2
Re8 9. Ne5 c5 10. Nxd7 Bxd7 11. dxc5 Bxc5 12. cxd5 exd5 13. e3 Bb5 14. Re1 Rc8
15. Nc3 Bc6 16. Qd3 d4 17. exd4 Rxe1+ 18. Rxe1 Bxg2 19. Kxg2 Qxd4 20. Qf5 Qg4
21. Qxg4 Nxg4 1/2-1/2

[Event "NB II. Barcza csoport"]
[Site "Nyiregyhaza"]
[Date "2023.10.08"]
[Round "1.8"]
[White "Csorsz, Ferenc"]
[Black "Hajdu, Zoltan"]
[Result "1-0"]
[WhiteElo "1929"]
[BlackElo "1643"]
[PlyCount "33"]
[EventDate "2023.10.08"]
[EventType "team-tourn"]
[EventRounds "9"]
[EventCountry "HUN"]
[Source "chess.hu"]
[WhiteTeam "NYESE"]
[BlackTeam "M.Sportisk-KisBocsok"]
[WhiteTeamCountry "HUN"]
[BlackTeamCountry "HUN"]

1. e4 Nc6 2. Nc3 d6 3. d4 e5 4. Be3 exd4 5. Bxd4 Nxd4 6. Qxd4 Nf6 7. O-O-O Be7
8. Bc4 O-O 9. h3 a6 10. f4 b5 11. Bd5 c6 12. Bxc6 Rb8 13. e5 dxe5 14. Qxe5 Qb6
15. Qxe7 Qxc6 16. Rd8 Be6 17. Qxf8# 1-0

[Event "NB II. Barcza csoport"]
[Site "Nyiregyhaza"]
[Date "2023.10.08"]
[Round "1.9"]
[White "Homolya, Daniel"]
[Black "Tumo, Bence"]
[Result "1-0"]
[WhiteElo "1478"]
[BlackElo "1892"]
[PlyCount "53"]
[EventDate "2023.10.08"]
[EventType "team-tourn"]
[EventRounds "9"]
[EventCountry "HUN"]
[Source "chess.hu"]
[WhiteTeam "M.Sportisk-KisBocsok"]
[BlackTeam "NYESE"]
[WhiteTeamCountry "HUN"]
[BlackTeamCountry "HUN"]

1. e4 c5 2. Nf3 g6 3. d4 cxd4 4. Nxd4 Bg7 5. Nc3 Nc6 6. Be3 Nf6 7. Bc4 O-O 8.
f3 d5 9. Nxd5 Nxd5 10. Bxd5 Nxd4 11. Bxd4 Bxd4 12. Qxd4 e6 13. O-O-O exd5 14.
h4 Qb6 15. Qxd5 Be6 16. Qg5 Rac8 17. Rd2 Rc5 18. Qf6 Rfc8 19. c3 Bxa2 20. Rd6
Rxc3+ 21. bxc3 Rxc3+ 22. Qxc3 Qxd6 23. h5 Be6 24. Rd1 Qf4+ 25. Kc2 Qg5 26. h6
Kf8 27. Qh8+ 1-0

[Event "NB II. Barcza csoport"]
[Site "Nyiregyhaza"]
[Date "2023.10.08"]
[Round "1.10"]
[White "Palkovics, Balazs"]
[Black "Homolya, Gabor"]
[Result "1-0"]
[WhiteElo "1844"]
[BlackElo "1478"]
[PlyCount "105"]
[EventDate "2023.10.08"]
[EventType "team-tourn"]
[EventRounds "9"]
[EventCountry "HUN"]
[Source "chess.hu"]
[WhiteTeam "NYESE"]
[BlackTeam "M.Sportisk-KisBocsok"]
[WhiteTeamCountry "HUN"]
[BlackTeamCountry "HUN"]

1. e4 c5 2. Nc3 Nc6 3. g3 d6 4. d3 g6 5. Be3 Bg7 6. Qd2 a6 7. Bg2 b5 8. Nge2
Bb7 9. O-O Nf6 10. h3 O-O 11. f4 Rb8 12. g4 b4 13. Nd1 Nd7 14. c3 f5 15. exf5
gxf5 16. Bd5+ Kh8 17. Be6 fxg4 18. hxg4 Rf6 19. Bd5 bxc3 20. bxc3 Qe8 21. Ng3
e6 22. Bg2 Ne7 23. Bxb7 Rxb7 24. Ne4 Qg6 25. Nxf6 Nxf6 26. g5 Nf5 27. Qg2 Nd5
28. Bd2 Rf7 29. Rb1 Nh4 30. Rb8+ Bf8 31. Qh3 Nf5 32. Nf2 Nf6 33. Ne4 d5 34.
Nxf6 Rxf6 35. Kf2 Rf7 36. Rh1 Kg7 37. Ke2 d4 38. Rhb1 Bd6 39. R8b7 Ne7 40. R1b6
Nf5 41. Rxf7+ Kxf7 42. Qf3 Qg7 43. c4 h6 44. Qh5+ Kf8 45. Kf3 hxg5 46. Qxg5 Be7
47. Qxg7+ Nxg7 48. Rxa6 Kf7 49. a4 Ke8 50. Ra7 Nf5 51. a5 Nd6 52. a6 Kd8 53.
Ba5+ 1-0

[Event "NB II. Barcza csoport"]
[Site "Hajduboszormeny"]
[Date "2023.10.08"]
[Round "1.1"]
[White "Forgacs, Jozsef"]
[Black "Gal, Jozsef Istvan"]
[Result "1/2-1/2"]
[WhiteElo "2218"]
[BlackElo "2260"]
[PlyCount "37"]
[EventDate "2023.10.08"]
[EventType "team-tourn"]
[EventRounds "9"]
[EventCountry "HUN"]
[Source "chess.hu"]
[WhiteTeam "Karsol-DSBK"]
[BlackTeam "Hajduboszormenyi SE"]
[WhiteTeamCountry "HUN"]
[BlackTeamCountry "HUN"]

1. c4 c5 2. Nf3 Nf6 3. g3 b6 4. Bg2 Bb7 5. O-O g6 6. b3 Bg7 7. Bb2 O-O 8. Nc3
d5 9. Nxd5 Nxd5 10. Bxg7 Kxg7 11. cxd5 Qxd5 12. d4 cxd4 13. Qxd4+ Qxd4 14. Nxd4
Bxg2 15. Kxg2 a6 16. Rfd1 Ra7 17. Nf3 Rc7 18. Rac1 Rfc8 19. Rxc7 1/2-1/2

[Event "NB II. Barcza csoport"]
[Site "Hajduboszormeny"]
[Date "2023.10.08"]
[Round "1.2"]
[White "Leviczky, Tibor"]
[Black "Braun, Marton"]
[Result "1/2-1/2"]
[WhiteElo "2280"]
[BlackElo "2163"]
[PlyCount "47"]
[EventDate "2023.10.08"]
[EventType "team-tourn"]
[EventRounds "9"]
[EventCountry "HUN"]
[Source "chess.hu"]
[WhiteTeam "Hajduboszormenyi SE"]
[BlackTeam "Karsol-DSBK"]
[WhiteTeamCountry "HUN"]
[BlackTeamCountry "HUN"]

1. Nf3 Nf6 2. c4 c6 3. Nc3 d5 4. d4 e6 5. Bg5 dxc4 6. e4 b5 7. e5 h6 8. Bh4 g5
9. Nxg5 hxg5 10. Bxg5 Be7 11. exf6 Bxf6 12. Be3 Bb7 13. Qf3 Bxd4 14. O-O-O
Bxe3+ 15. fxe3 Qe7 16. Ne4 c5 17. Nd6+ Qxd6 18. Qf6 Qxd1+ 19. Kxd1 Rg8 20. Rg1
Nd7 21. Qh4 Rd8 22. Kc1 Ne5 23. Be2 Nd3+ 24. Kb1 1/2-1/2

[Event "NB II. Barcza csoport"]
[Site "Hajduboszormeny"]
[Date "2023.10.08"]
[Round "1.3"]
[White "Cselenyi, Balazs"]
[Black "Toth, Tamas"]
[Result "1/2-1/2"]
[WhiteElo "2096"]
[BlackElo "2206"]
[PlyCount "64"]
[EventDate "2023.10.08"]
[EventType "team-tourn"]
[EventRounds "9"]
[EventCountry "HUN"]
[Source "chess.hu"]
[WhiteTeam "Karsol-DSBK"]
[BlackTeam "Hajduboszormenyi SE"]
[WhiteTeamCountry "HUN"]
[BlackTeamCountry "HUN"]

1. d4 d5 2. c4 e6 3. Nf3 Nf6 4. Nc3 c6 5. e3 Nbd7 6. Qc2 dxc4 7. Bxc4 b5 8. Bd3
Bb7 9. a3 a6 10. b4 a5 11. Rb1 Bd6 12. Ne4 Nxe4 13. Bxe4 axb4 14. axb4 f5 15.
Bd3 Qe7 16. Bd2 Ra4 17. d5 exd5 18. Nd4 Bxb4 19. Nxc6 Bxd2+ 20. Kxd2 Bxc6 21.
Qxc6 O-O 22. Qxb5 Ra2+ 23. Rb2 Rxb2+ 24. Qxb2 f4 25. Qd4 fxe3+ 26. fxe3 Qg5 27.
g3 Rf2+ 28. Ke1 Ra2 29. Bc4 Ra5 30. Rf1 Nf6 31. Bb3 Ra3 32. Qc3 Ra8 1/2-1/2

[Event "NB II. Barcza csoport"]
[Site "Hajduboszormeny"]
[Date "2023.10.08"]
[Round "1.4"]
[White "Ballai, Zsolt"]
[Black "Kanyadi, Zoltan"]
[Result "1/2-1/2"]
[WhiteElo "2229"]
[BlackElo "2088"]
[PlyCount "150"]
[EventDate "2023.10.08"]
[EventType "team-tourn"]
[EventRounds "9"]
[EventCountry "HUN"]
[Source "chess.hu"]
[WhiteTeam "Hajduboszormenyi SE"]
[BlackTeam "Karsol-DSBK"]
[WhiteTeamCountry "HUN"]
[BlackTeamCountry "HUN"]

1. d4 Nf6 2. c4 g6 3. Nc3 Bg7 4. e4 O-O 5. f3 d6 6. Be3 e5 7. d5 c6 8. Bd3 cxd5
9. cxd5 Na6 10. Nge2 Ne8 11. O-O f5 12. exf5 gxf5 13. Rc1 Nc5 14. Bb1 a5 15. a3
Bd7 16. f4 b6 17. Ng3 Qh4 18. b4 axb4 19. axb4 Na4 20. Nxa4 Bxa4 21. Qe2 Bd7
22. Nh5 Bh6 23. Rf3 e4 24. Rh3 Qd8 25. Bd4 Rf7 26. Qe3 b5 27. Bb2 Rc8 28. Rxc8
Qxc8 29. Qd4 Kf8 30. Rg3 Qc4 31. Qh8+ Ke7 32. Qd4 Qe2 33. Re3 Qxh5 34. Bxe4 Bg7
35. Bf3+ Kf8 36. Bxh5 Bxd4 37. Bxd4 Re7 38. Kf2 Nc7 39. Bf3 Bc8 40. Bb6 Rxe3
41. Kxe3 Na6 42. Ba5 Ke7 43. Kd4 Bd7 44. Kc3 Ke8 45. h3 Ke7 46. Bb6 Be8 47. g4
fxg4 48. hxg4 h6 49. Be3 Kf6 50. Bd4+ Kf7 51. Bb6 Ke7 52. Bf2 Bd7 53. Bh4+ Ke8
54. Be1 Kf7 55. Bg3 Nc7 56. f5 Ne8 57. Kd4 h5 58. g5 Bxf5 59. Bxh5+ Ke7 60.
Bxe8 Kxe8 61. Bxd6 Kd7 62. Ke5 Bb1 63. Bc5 Bc2 64. Kf6 Be4 65. d6 Bb1 66. g6
Ke8 67. g7 Ba2 68. Kg6 Bg8 69. Bd4 Kd7 70. Be5 Ke6 71. Bg3 Kd7 72. Kf6 Ba2 73.
Kg6 Bg8 74. Kf6 Ba2 75. Ke5 Bg8 1/2-1/2

[Event "NB II. Barcza csoport"]
[Site "Hajduboszormeny"]
[Date "2023.10.08"]
[Round "1.5"]
[White "Kelemen, Imre"]
[Black "Bartha, Gabor"]
[Result "0-1"]
[WhiteElo "2012"]
[BlackElo "2032"]
[PlyCount "82"]
[EventDate "2023.10.08"]
[EventType "team-tourn"]
[EventRounds "9"]
[EventCountry "HUN"]
[Source "chess.hu"]
[WhiteTeam "Karsol-DSBK"]
[BlackTeam "Hajduboszormenyi SE"]
[WhiteTeamCountry "HUN"]
[BlackTeamCountry "HUN"]

1. Nf3 Nf6 2. g3 b6 3. Bg2 Bb7 4. d4 e6 5. O-O Be7 6. c4 O-O 7. Nc3 Ne4 8. Qd3
Nxc3 9. bxc3 Nc6 10. d5 Na5 11. Nd2 d6 12. Nb3 Nxb3 13. axb3 e5 14. e4 Bc8 15.
f4 exf4 16. Bxf4 a5 17. Ra2 Bf6 18. b4 Bb7 19. bxa5 Rxa5 20. Rxa5 bxa5 21. Ra1
Qa8 22. c5 Rd8 23. c6 Ba6 24. Qc2 Qa7+ 25. Kh1 Qc5 26. Bd2 Bc4 27. Qa4 Ra8 28.
Rb1 h5 29. Rb7 Bd8 30. h4 Ba6 31. Rb1 Bd3 32. Ra1 Qf2 33. Be1 Qc5 34. Bf3 Bf6
35. Qb3 Qe3 36. Bxh5 Bxe4+ 37. Kh2 Bd4 38. Qb2 Qg1+ 39. Kh3 Qh1+ 40. Kg4 Bf3+
41. Kf4 Bxh5 0-1

[Event "NB II. Barcza csoport"]
[Site "Hajduboszormeny"]
[Date "2023.10.08"]
[Round "1.6"]
[White "Miklosi, Attila"]
[Black "Botragyi, Tibor"]
[Result "1/2-1/2"]
[WhiteElo "2057"]
[BlackElo "1971"]
[PlyCount "20"]
[EventDate "2023.10.08"]
[EventType "team-tourn"]
[EventRounds "9"]
[EventCountry "HUN"]
[Source "chess.hu"]
[WhiteTeam "Hajduboszormenyi SE"]
[BlackTeam "Karsol-DSBK"]
[WhiteTeamCountry "HUN"]
[BlackTeamCountry "HUN"]

1. d4 Nf6 2. Nf3 g6 3. Bf4 Bg7 4. Nc3 d5 5. Qd2 O-O 6. Bh6 c5 7. O-O-O Nc6 8.
Bxg7 Kxg7 9. dxc5 Qa5 10. Nd4 Qxc5 1/2-1/2

[Event "NB II. Barcza csoport"]
[Site "Hajduboszormeny"]
[Date "2023.10.08"]
[Round "1.7"]
[White "Szakaly, Balazs"]
[Black "Toth, Janos"]
[Result "1-0"]
[WhiteElo "2071"]
[BlackElo "2057"]
[PlyCount "99"]
[EventDate "2023.10.08"]
[EventType "team-tourn"]
[EventRounds "9"]
[EventCountry "HUN"]
[Source "chess.hu"]
[WhiteTeam "Karsol-DSBK"]
[BlackTeam "Hajduboszormenyi SE"]
[WhiteTeamCountry "HUN"]
[BlackTeamCountry "HUN"]

1. e4 e5 2. Nf3 Nc6 3. Bb5 a6 4. Ba4 Nf6 5. O-O b5 6. Bb3 Bc5 7. c3 d6 8. Re1
O-O 9. h3 Qe7 10. a4 Rb8 11. axb5 axb5 12. d3 h6 13. Nbd2 Be6 14. Nf1 b4 15.
Bxe6 fxe6 16. Be3 bxc3 17. bxc3 d5 18. Qa4 Bxe3 19. Nxe3 Qd6 20. exd5 Nxd5 21.
Qc2 Nf4 22. Nc4 Qxd3 23. Qxd3 Nxd3 24. Re3 Rf4 25. Ncd2 Nc5 26. Nxe5 Nxe5 27.
Rxe5 Rxf2 28. Ra2 Rf5 29. Nc4 Rb1+ 30. Kh2 Rc1 31. Rxf5 exf5 32. Ra5 Ne4 33.
Rxf5 Rxc3 34. Nb2 Rc2 35. Nd3 c5 36. Re5 Rc4 37. Rf5 g6 38. Re5 Kg7 39. Re7+
Kf6 40. Rc7 Rc3 41. Rc6+ Kf5 42. g4+ Kg5 43. Ne5 Rc2+ 44. Kg1 Kh4 45. Rxg6 Kxh3
46. Rxh6+ Kg3 47. Kf1 Kf4 48. Nd3+ Kxg4 49. Rc6 Kf3 50. Ne1+ 1-0

[Event "NB II. Barcza csoport"]
[Site "Hajduboszormeny"]
[Date "2023.10.08"]
[Round "1.8"]
[White "Kovacs, Marton"]
[Black "Dani, Peter"]
[Result "1/2-1/2"]
[WhiteElo "2127"]
[BlackElo "1951"]
[PlyCount "60"]
[EventDate "2023.10.08"]
[EventType "team-tourn"]
[EventRounds "9"]
[EventCountry "HUN"]
[Source "chess.hu"]
[WhiteTeam "Hajduboszormenyi SE"]
[BlackTeam "Karsol-DSBK"]
[WhiteTeamCountry "HUN"]
[BlackTeamCountry "HUN"]

1. d4 Nf6 2. Bf4 c5 3. e3 e6 4. Nf3 Nc6 5. c3 d5 6. Nbd2 h6 7. Bd3 c4 8. Bc2 b5
9. O-O Bb7 10. b4 g5 11. Bg3 Bd6 12. a4 a6 13. Qe2 Ne7 14. axb5 axb5 15. Rxa8
Bxa8 16. Ra1 Bxg3 17. hxg3 Ne4 18. Nxe4 dxe4 19. Nd2 f5 20. Qh5+ Kf8 21. f3
exf3 22. e4 Bc6 23. gxf3 Qc7 24. f4 Be8 25. Qh3 gxf4 26. exf5 exf5 27. Rf1 fxg3
28. Bxf5 Kg7 29. Qg4+ Ng6 30. Nf3 Qf4 1/2-1/2

[Event "NB II. Barcza csoport"]
[Site "Hajduboszormeny"]
[Date "2023.10.08"]
[Round "1.10"]
[White "Toviskes, Antal"]
[Black "Borbely, Zsombor"]
[Result "1-0"]
[WhiteElo "1983"]
[BlackElo "1691"]
[PlyCount "59"]
[EventDate "2023.10.08"]
[EventType "team-tourn"]
[EventRounds "9"]
[EventCountry "HUN"]
[Source "chess.hu"]
[WhiteTeam "Hajduboszormenyi SE"]
[BlackTeam "Karsol-DSBK"]
[WhiteTeamCountry "HUN"]
[BlackTeamCountry "HUN"]

1. e4 c5 2. Nc3 Nc6 3. g3 g6 4. Bg2 Bg7 5. d3 d6 6. f4 Nf6 7. Nf3 O-O 8. O-O
Rb8 9. h3 b5 10. g4 b4 11. Ne2 Qb6 12. Ng3 Nd7 13. Kh1 e6 14. f5 Nde5 15. Ng5
h6 16. f6 Bh8 17. Nf3 Bxf6 18. Bxh6 Bg7 19. Qd2 Bb7 20. Bxg7 Kxg7 21. Qg5 Qd8
22. Nh5+ Kh7 23. Nf6+ Kg7 24. Nxe5 Nxe5 25. Nh5+ Kh7 26. Nf6+ Kg7 27. Qe3 Nd7
28. g5 Qc7 29. Qf4 Rh8 30. Nd5 1-0

[Event "NB II. Barcza csoport"]
[Site "Hajduboszormeny"]
[Date "2023.10.08"]
[Round "1.11"]
[White "Kovacs, Gergely"]
[Black "Toth, Gergely"]
[Result "0-1"]
[WhiteElo "1516"]
[BlackElo "1586"]
[PlyCount "102"]
[EventDate "2023.10.08"]
[EventType "team-tourn"]
[EventRounds "9"]
[EventCountry "HUN"]
[Source "chess.hu"]
[WhiteTeam "Karsol-DSBK"]
[BlackTeam "Hajduboszormenyi SE"]
[WhiteTeamCountry "HUN"]
[BlackTeamCountry "HUN"]

1. e4 c5 2. Nc3 e6 3. Nf3 Nc6 4. d4 cxd4 5. Nxd4 a6 6. Be2 Qc7 7. a3 Nf6 8. Be3
Be7 9. O-O O-O 10. f4 d6 11. Qd3 Bd7 12. Rf3 e5 13. Nf5 Bxf5 14. exf5 Rad8 15.
Rg3 Qc8 16. Nd5 Nxd5 17. Qxd5 Qc7 18. c3 Bf6 19. Qb3 Qe7 20. Bf3 Rb8 21. Rd1
Rfd8 22. Bd5 Re8 23. h3 Red8 24. Rg4 Rf8 25. Kh1 Rbc8 26. Bd2 Rb8 27. Re1 Qd7
28. Qc2 Ne7 29. fxe5 dxe5 30. Be4 h5 31. Rg3 Bh4 32. Rd3 Qc7 33. g3 Bf6 34. Rg1
Rbd8 35. g4 Rxd3 36. Qxd3 Rd8 37. Qe2 Nd5 38. gxh5 Nf4 39. Bxf4 exf4 40. Qg2
Kh7 41. Bxb7 Qe5 42. Rf1 Qe3 43. Rf2 Bh4 44. Rf1 Bg3 45. Bd5 Qd3 46. Bxf7 Qe3
47. Qc6 Qe2 48. Qg2 Qe3 49. Bd5 Qd3 50. c4 Re8 51. Rxf4 Re1+ 0-1

[Event "NB II. Barcza csoport"]
[Site "Hajduboszormeny"]
[Date "2023.10.08"]
[Round "1.12"]
[White "Tar, Zsombor Jozsef"]
[Black "Bekesi, Aron"]
[Result "1/2-1/2"]
[WhiteElo "1607"]
[BlackElo "1480"]
[PlyCount "80"]
[EventDate "2023.10.08"]
[EventType "team-tourn"]
[EventRounds "9"]
[EventCountry "HUN"]
[Source "chess.hu"]
[WhiteTeam "Hajduboszormenyi SE"]
[BlackTeam "Karsol-DSBK"]
[WhiteTeamCountry "HUN"]
[BlackTeamCountry "HUN"]

1. d4 d5 2. c4 e6 3. Nc3 f5 4. Nf3 Nf6 5. Bf4 c6 6. e3 Bd6 7. Ne5 O-O 8. Bd3
Qe7 9. c5 Bxe5 10. Bxe5 Qf7 11. h3 Nbd7 12. Bd6 Re8 13. f4 Qh5 14. Qxh5 Nxh5
15. g4 Ng3 16. Rg1 Ne4 17. Bxe4 dxe4 18. b4 Nf6 19. Be5 Kf7 20. Rb1 g6 21. a4
Nd5 22. Kd2 Bd7 23. g5 Rec8 24. h4 Be8 25. Ne2 a6 26. Ng3 Kg8 27. h5 b5 28. a5
Ra7 29. Rh1 Rd8 30. hxg6 Bxg6 31. Rh6 Rdd7 32. Ne2 Rf7 33. Nc3 Kf8 34. Ne2 Rad7
35. Ng3 Ra7 36. Nh5 Rad7 37. Nf6 Nxf6 38. Bxf6 Ke8 39. Rbh1 Rf8 40. Be5 Rg8
1/2-1/2

[Event "NB II. Barcza csoport"]
[Site "Miskolc"]
[Date "2023.10.08"]
[Round "1.1"]
[White "Hando, Vilmos"]
[Black "Kovacs, Kristof"]
[Result "1-0"]
[WhiteElo "2371"]
[BlackElo "1884"]
[PlyCount "83"]
[EventDate "2023.10.08"]
[EventType "team-tourn"]
[EventRounds "9"]
[EventCountry "HUN"]
[Source "chess.hu"]
[WhiteTeam "Kazincbarcika VSC"]
[BlackTeam "DVTK II."]
[WhiteTeamCountry "HUN"]
[BlackTeamCountry "HUN"]

1. Nf3 d5 2. b3 Nf6 3. Bb2 c5 4. e3 Nc6 5. Be2 Bf5 6. O-O h6 7. d4 e6 8. a3 Be7
9. dxc5 Bxc5 10. b4 Bb6 11. Nbd2 O-O 12. c4 Bg6 13. c5 Bc7 14. b5 Nb8 15. Rc1
Nbd7 16. Nb3 Rc8 17. a4 Bb8 18. c6 bxc6 19. bxc6 Nb6 20. Ba6 Nxa4 21. Ba3 Bd6
22. Bxd6 Qxd6 23. Bxc8 Rxc8 24. Nbd4 Nc5 25. Nb5 Qe7 26. Ne5 a6 27. Nxg6 fxg6
28. Qc2 Rxc6 29. Nd4 Rc7 30. Qxg6 a5 31. Rb1 Ncd7 32. Rfc1 Rxc1+ 33. Rxc1 Nf8
34. Qc2 e5 35. Nc6 Qe6 36. Nxa5 g6 37. h3 Kg7 38. Nb7 h5 39. Qc7+ Kh6 40. Nd8
Qd7 41. Nf7+ Kg7 42. Nxe5 1-0

[Event "NB II. Barcza csoport"]
[Site "Miskolc"]
[Date "2023.10.08"]
[Round "1.2"]
[White "Peredi, Oliver"]
[Black "Dovzik, Juri"]
[Result "1-0"]
[WhiteElo "2003"]
[BlackElo "2252"]
[PlyCount "50"]
[EventDate "2023.10.08"]
[EventType "team-tourn"]
[EventRounds "9"]
[EventCountry "HUN"]
[Source "chess.hu"]
[WhiteTeam "DVTK II."]
[BlackTeam "Kazincbarcika VSC"]
[WhiteTeamCountry "HUN"]
[BlackTeamCountry "HUN"]

1. e4 c6 2. d4 Na6 3. Be2 Nc7 4. f4 d6 5. Nf3 Bg4 6. O-O g6 7. c3 Bg7 8. Qb3
Bxf3 9. Bxf3 Rb8 10. Nd2 e6 11. Nc4 d5 12. exd5 exd5 13. Na5 Ne6 14. Qa4 Ne7
15. Nb3 b5 16. Qa3 O-O 17. Bg4 f5 18. Bf3 b4 19. Qa4 Qd6 20. Re1 Nc8 21. Na5
Rb5 22. Nxc6 Qxc6 23. Rxe6 Qd7 24. Bd2 bxc3 25. Bxc3 Nb6 1-0

[Event "NB II. Barcza csoport"]
[Site "Miskolc"]
[Date "2023.10.08"]
[Round "1.3"]
[White "Borsos, Bogdan"]
[Black "Burinda, Gabor Jr"]
[Result "1-0"]
[WhiteElo "2124"]
[BlackElo "1974"]
[PlyCount "24"]
[EventDate "2023.10.08"]
[EventType "team-tourn"]
[EventRounds "9"]
[EventCountry "HUN"]
[Source "chess.hu"]
[WhiteTeam "Kazincbarcika VSC"]
[BlackTeam "DVTK II."]
[WhiteTeamCountry "HUN"]
[BlackTeamCountry "HUN"]

1. e4 c6 2. Nf3 d5 3. Nc3 dxe4 4. Nxe4 Bf5 5. Ng3 Bg6 6. h4 h5 7. Ne5 Bh7 8.
Qxh5 g6 9. Bc4 e6 10. Qe2 Nd7 11. Nxf7 Kxf7 12. Qxe6+ Kg7 1-0

[Event "NB II. Barcza csoport"]
[Site "Miskolc"]
[Date "2023.10.08"]
[Round "1.4"]
[White "Kemendi, Daniel"]
[Black "Ligart, Tamas"]
[Result "1/2-1/2"]
[WhiteElo "1883"]
[BlackElo "2154"]
[PlyCount "90"]
[EventDate "2023.10.08"]
[EventType "team-tourn"]
[EventRounds "9"]
[EventCountry "HUN"]
[Source "chess.hu"]
[WhiteTeam "DVTK II."]
[BlackTeam "Kazincbarcika VSC"]
[WhiteTeamCountry "HUN"]
[BlackTeamCountry "HUN"]

1. e4 e5 2. Nc3 Nf6 3. f4 d5 4. fxe5 Nxe4 5. Qf3 Nxc3 6. bxc3 Be7 7. d4 O-O 8.
Bd3 c5 9. Ne2 f6 10. Nf4 fxe5 11. Qxd5+ Qxd5 12. Nxd5 Bd8 13. dxc5 Nc6 14. Be3
Be6 15. Nb4 Na5 16. Rf1 Be7 17. O-O-O Rac8 18. c6 Nxc6 19. Nxc6 Rxc6 20. Rxf8+
Bxf8 21. Bxa7 Rxc3 22. Bb8 Ra3 23. Bxe5 Rxa2 24. h3 Be7 25. Be4 b5 26. Bd5 Bxd5
27. Rxd5 b4 28. Rd7 Bf6 29. Bxf6 gxf6 30. Rb7 Ra1+ 31. Kb2 Rg1 32. g4 Rg3 33.
Rxb4 Rxh3 34. c4 Kf7 35. c5 h5 36. c6 Ke7 37. c7 Kd7 38. Rc4 Kc8 39. gxh5 Rxh5
40. Kc2 Rh7 41. Kd3 Rxc7 42. Rxc7+ Kxc7 43. Ke4 Kd6 44. Kf5 Ke7 45. Kf4 Ke6
1/2-1/2

[Event "NB II. Barcza csoport"]
[Site "Miskolc"]
[Date "2023.10.08"]
[Round "1.5"]
[White "Karolyfalvi, Zoltan"]
[Black "Torok, Marton"]
[Result "1-0"]
[WhiteElo "2068"]
[BlackElo "1943"]
[PlyCount "71"]
[EventDate "2023.10.08"]
[EventType "team-tourn"]
[EventRounds "9"]
[EventCountry "HUN"]
[Source "chess.hu"]
[WhiteTeam "Kazincbarcika VSC"]
[BlackTeam "DVTK II."]
[WhiteTeamCountry "HUN"]
[BlackTeamCountry "HUN"]

1. d4 Nf6 2. Nf3 d5 3. c4 e6 4. Nc3 Be7 5. g3 O-O 6. Bg2 a6 7. O-O Nbd7 8. b3
dxc4 9. bxc4 Nb6 10. Qb3 c5 11. e3 Qc7 12. Ba3 Re8 13. Rfc1 Rb8 14. Rab1 Nbd7
15. Nd2 b6 16. Nde4 cxd4 17. Bxe7 Rxe7 18. exd4 Nxe4 19. Nxe4 Bb7 20. Qa3 Nf6
21. Nxf6+ gxf6 22. d5 Rd7 23. Qe3 Qc5 24. Rxb6 Qxe3 25. fxe3 Rbd8 26. e4 Kf8
27. c5 Rc7 28. c6 Bc8 29. Kf2 e5 30. Ke3 Ke7 31. a4 Kd6 32. Bf1 a5 33. Rb8 Ra7
34. Bh3 Kc7 35. d6+ Kxb8 36. c7+ 1-0